000
00299nam a2200157Ia 4500
100
_a
Robbins/Arnold
250
_a
3
942
_c
BK
654
_a
unix
245
_a
UNIX in a nutshell
260
_b
Oreilly
_c
1999
082
_a
5.133
_b
ROB
300
_a
599
546
_a
ENGLISH
999
_c
23743
_d
23743